| 000 | 00359nam a2200145Ia 4500 | ||
|---|---|---|---|
| 008 | 221030s9999 xx 000 0 und d | ||
| 041 | _aEnglish | ||
| 082 |
_a105.23 _bGup |
||
| 100 | _aJ. B. Gupta | ||
| 245 | 2 |
_aA course in Electrical Power _cby J. B. Gupta |
|
| 260 |
_bS. K. Kataria & Sons _aNew Delhi _c1999 |
||
| 300 | _a362 | ||
| 650 | _aEE | ||
| 942 | _cBK | ||
| 999 |
_c6560 _d6560 |
||